000 00272nam a22001217a 4500
041 _aENG
100 _aG.K Pub
245 _aGuide To General Ability Test
260 _aDelhi
_bG.K Pub
_c2001
300 _a240
650 _aCompetitive Exam
856 _uCompetitive Exam
999 _c1803
_d1803